000 00623nam a22001937a 4500
005 20251108172517.0
008 250721s1999 xx 000 0 ara d
082 1 4 _a632.2/عتر
100 1 _aإبراهيم، إبراهيم خيري عتريس
245 1 0 _aآفات النيماتودا الزراعية : الديدان الثعبانية /
264 1 _aالإسكندرية :
_bمنشأة المعارف،
_c1999.
300 _a352ص.
650 1 7 _aآفات النبات
650 1 7 _aمكافحة الآفات
650 1 7 _aالزراعة
650 1 7 _aالديدان
942 _2ddc
_cBK
999 _c81222
_d81222